01227nab a2200205 i 4500001000400000003000400004005001700008008003900025040000800064080001100072100020300083245019000286260001000476500002100486520018200507650003100689650002700720700020000747773007400947BPPBPK20141008111019.0141008s1987 pl | f |000 ||pol cBPK a628.32 aANIELAK, Anna Maria.d1988 - 1996.bWyższa Szkoła Inżynierska w Koszalinie - Wydział Inżynierii Lądowej i Sanitarnej,cZakład Technologii Ścieków i Utylizacji Odpadów Przemysłowych aBadania nad możliwością oczyszczania wybranych ścieków przemysłowych fabryki KORUND w Kole /cAnna Anielak, Małgorzata Ociepa, Tadeusz Piecuch, Maria Wójcik-Szwedzińska. c1987. aDane z autopsji. aWyniki badań oczyszczania ścieków poprodukcyjnych zawierających głównie Na3PO4 metodą połączenia dwóch procesów jednostkowych - koagulacji i wymiany jonowej. 0aOczyszczalnia ścieków. 0aŚcieki przemysłowe. aPIECUCH, Tadeusz.d1987 - 1996.bWyższa Szkoła Inżynierska w Koszalinie - Wydział Inżynierii Lądowej i Sanitarnej,cZakład Technologii Ścieków i Utylizacji Odpadów Przemysłowych iW :tGaz Woda i Technika Sanitarna. -gR. 61, 1987, nr 10, s. 215-217